Normal view MARC view
  • Souto Mantecón, Matilde

Entry Nombre Personal

Number of records used in: 2

001 - NUMERO DE CONTROL

  • campo de control: 46015

003 - IDENTIFICADOR DE NUMERO DE CONTROL

  • campo de control: DLC

005 - FECHA Y HORA DE LA ÜLTIMA TRANSACCIÓN

  • campo de control: 20220901112212.0

008 - DATOS DE LONGITUD FIJA

  • campo de control de longitud fija: 220901n| azannaabn |a aaa

010 ## - NÚMERO DE CONTROL DE LA BIBLIOTECA DEL CONGRESO

  • Número de control LC: n 2001106698

040 ## - FUENTE DE CATALOGACIÓN

  • Agencia original de catalogación: DLC
  • Lenguaje de catalogación: spa
  • Description conventions: rda
  • Agencia de transcripción: DLC
  • Agencia que lo modifica: DLC
  • Agencia que lo modifica: MX-MxUPN

100 1# - ENCABEZAMIENTO - NOMBRE PERSONAL

  • Nombre personal: Souto Mantecón, Matilde

370 ## - LUGAR ASOCIADO

  • Other associated place: Ciudad de México (México)

372 ## - CAMPO DE ACTIVIDAD

  • Field of activity: Mexico--Historia
  • Fuente del término: lemb

373 ## - GRUPO ASOCIADO

  • Associated group: Instituto de Investigaciones Dr. José María Luis Mora
  • Fuente del término: naf

374 ## - OCUPACIÓN

  • Occupation: Historiadores
  • Fuente del término: lemb

377 ## - LENGUA ASOCIADA

  • Language code: spa

400 1# - VEÁSE - NOMBRE DE PERSONA

  • Personal name: Mantecón, Matilde Souto

400 1# - VEÁSE - NOMBRE DE PERSONA

  • Personal name: Souto, Matilde
  • Fuller form of name: (Souto Mantecón)

670 ## - FUENTE EN LA QUE SE LOCALIZARON DATOS

  • Cita de la fuente: El comercio exterior de México, 1713-1850, 2000:
  • Información localizada: portada (Matilde Souto Mantecón)

670 ## - FUENTE EN LA QUE SE LOCALIZARON DATOS

  • Cita de la fuente: Hacia una historia global e interconectada, 2017:
  • Información localizada: portada (Matilde Souto) solapa posterior (Matilde Souto Mantecón; profesora e investigadora , Instituto Mora; especialista en historia colonial mexicana, particularmente del comercio del siglo XVIII en el Atlántico)

902 ## - CATALOGADOR

  • Catalogador: VAGG/010922